000 01542nam a2200301 i 4500
003 DO-SdBNP
005 20250826081934.0
007 ta
008 250826s2024 dr a 000 0 spa d
020 _a9789945948301
040 _aDO-SdBNP
_bspa
_cBNPHU
_erda
041 _aspa
082 4 _axxx
_bM277
_222
100 1 _aMangones Ureña, Gabrielle
_945446
_eautora
_4aut.
245 1 0 _aCuentos oscuros para noches lluviosas /
_cGabrielle Mangones Ureña
250 _aPrimera edición
264 _aSanto Domingo :
_b[editor no identificado],
_c2024.
300 _a317 páginas ;
_bilustraciones ;
_c24 cm.
336 _2rdacontent
_atexto
_btxt
337 _2rdamedia
_asin mediación
_bn
338 _2rdacarrier
_avolumen
_bnc
500 _aLibro en pasta dura.
520 _aUn inolvidable dúo de cuentos oscuros perfectos para noches lluviosas. Dos perturbadores episodios de los más macabros, escritos bajo el frío manto de un suspenso asfixiante. ¿Qué tan espantoso podría describirse un brutal caso a los inocentes ojos de un niño pequeño? ¿O qué tanto podrá otro recordar al crecer, sobre los sucesos a los que se expuso su familia en su pueblo natal? "Cuentos oscuros para noches lluviosas" te sumerge en un dúo de historias inquietantes que harán temblar tus noches. Bajo el manto frío de un suspenso asfixiante, estos relatos exploran los rincones más perturbadores de la mente humana.
521 _aJóvenes adultos.
590 _aInventariado, 2025/ YL
910 _aYLockward
942 _2ddc
_cLBS1
999 _c59818
_d59818